| 000 | 00833nam a2200205 i 4500 | ||
|---|---|---|---|
| 001 | 41172 | ||
| 003 | ES-MaACL | ||
| 005 | 20230906160402.0 | ||
| 007 | t| | ||
| 008 | 030310s1895 sp ||||1| spa d | ||
| 100 | 1 |
_aCarulla Margenat, Valentín. _935917 |
|
| 245 | 1 | 3 |
_aEl azul de metileno en medicina _b: individualidad clínica del mismo : tesis del doctorado / _cValentín Carulla Margenat. |
| 260 |
_aBarcelona : _b[s.n.], _c1895 ( _fTip. Española) |
||
| 300 |
_a90 p. ; _c28 cm. |
||
| 502 | _aTesis--Universidad Central, Facultad de Medicina, 1895. | ||
| 530 | _aDisponible en formato digital. | ||
| 650 | 4 |
_aAntisépticos. _9148882 |
|
| 852 |
_aES-MaACL _jT-835-F-7 _z.- Enc. en un vol. facticio conservando la enc. original |
||
| 856 |
_uhttp://bdh-rd.bne.es/viewer.vm?id=0000055594&page=1 _zBiblioteca Digital Hispánica |
||
| 999 |
_c41172 _d41172 |
||